Science of inner redemption : (Record no. 143846)

MARC details
000 -LEADER
fixed length control field 00640nam a22001937a 4500
005 - DATE AND TIME OF LATEST TRANSACTION
control field 20170825153155.0
010 ## - LCCN (DPL NO)
LC control number ENG-120133
020 ## - INTERNATIONAL STANDARD BOOK NUMBER
Terms of availability 150.00
International Standard Book Number 9789380695495
035 ## - SYSTEM CONTROL NUMBER
System control number EN-103665
037 ## - SOURCE OF ACQUISITION
Source of stock number/acquisition DBAD/PUB
082 ## - DEWEY DECIMAL CLASSIFICATION NUMBER
Classification number 181.49
100 ## - MAIN ENTRY--PERSONAL NAME
Personal name Bhoomananda Tirtha, Swami
245 ## - TITLE STATEMENT
Title Science of inner redemption :
Statement of responsibility, etc by Swami Bhoomananda Tirtha
Remainder of title based on yoga-vasistha, nirvana prakarana /
260 ## - PUBLICATION, DISTRIBUTION, ETC. (IMPRINT)
Place of publication, distribution, etc Thrissur(Kerala)
Name of publisher, distributor, etc Narayanashrama Tapovanam
Date of publication, distribution, etc 2016
270 ## - ADDRESS
Address Venginissery, P.O. Paralam
City Thrissur(Kerala)
Postal code 680563
300 ## - PHYSICAL DESCRIPTION
Extent xxiv,195p.
Dimensions 21cm(pbk)
505 ## - FORMATTED CONTENTS NOTE
Formatted contents note Vol.2
942 ## - ADDED ENTRY ELEMENTS (KOHA)
Source of classification or shelving scheme Dewey Decimal Classification
Item type English Books
Classification part 181.49
Call number suffix BHO
Holdings
Withdrawn status Lost status Not for loan Collection code Home library Current library Date acquired Source of acquisition Cost, normal purchase price Full call number Barcode Copy number Cost, replacement price Koha item type
      Non-fiction Shahdara Branch Shahdara Branch 25/08/2017 DBAD/PUB 150.00 181.49 BHO EN-103665 1 150.00 English Books

© Delhi Public Library
Hit Counter
free hit counter